Countries with the Harshest Drug Laws in the World - Statistics

General Stats
  • This quiz has been taken 221 times
  • The average score is 7 of 10
Answer Stats
Answer % Correct
Dubai, {United Arab Emirates}
93%
China
81%
Saudi Arabia
81%
Iran
75%
Singapore
62%
Indonesia
60%
Thailand
59%
Malaysia
54%
Vietnam
51%
Cambodia
46%
No matching quizzes found
Score Distribution
Percent of People with Each Score
Percentile by Number Answered
Your Score History
You have not taken this quiz